000 00369nam a2200169Ia 4500
008 210210b1944 xxu||||| |||| 00| 0 eng d
041 _aeng
082 _a920/72
100 _aGRABSKI (S)
245 _aPolish soviet frontier
260 _aBombay
_b-
_c1944
650 _asoviet
650 _aPolish
650 _afrontier
690 _aHistory
906 _a024814
999 _c150434
_d150434